000 00731nam a2200229Ia 4500
001 9841
003 GE_BSU
008 181216s||||||||xx |||||||||||||| ||und||
040 _cGE_BSU
080 _a821.353.1-1
100 _aნონეშვილი,იოსებ
245 _aარის ასეთი ქვეყანა
245 _bლექსები
245 _cრედ:მ,ჭავჭანიძე,მხატვ:ჯ.ყაველაშვილი
260 _aთბილისი
260 _bნაკადული
260 _c1960
300 _a110გვ;20სმ
653 _aარის ასეთი ქვეყანა
653 _aლექსები
942 _cBK
999 _c43120
_d43120